| 000 | 00558cam a2200205ua 4500 | ||
|---|---|---|---|
| 001 | 6631 | ||
| 005 | 20260515114058.0 | ||
| 008 | 140213n ii |||gr||||Z||||||eng | ||
| 040 | _cMAIN | ||
| 082 | _a519.5 | ||
| 245 |
_aPractical problems in statistics _cBy D.N. Elhance |
||
| 250 | _a1st ed. | ||
| 260 |
_aAllahabad: _bKitab mahal, _c1993. |
||
| 300 | _aviii,624p. | ||
| 653 | _aProbabilities & applied mathematics | ||
| 653 | _aPractical problems in statistics | ||
| 700 |
_aElhance,D.N., _eAuthor., |
||
| 700 |
_aElhance,Veena, _eAuthor. |
||
| 942 | _cBK | ||
| 999 |
_c5775 _d5775 |
||